Manuel de l'ingenieur / (Record no. 68966)
[ view plain ]
| 000 -LEADER | |
|---|---|
| campo de control de longitud fija | 00647nam a2200193 i 4500 |
| 001 - NÚMERO DE CONTROL | |
| campo de control | 68966 |
| 003 - IDENTIFICADOR DE NÚMERO DE CONTROL | |
| campo de control | ES-MaACL |
| 005 - FECHA Y HORA DE LA ÚLTIMA TRANSACCIÓN | |
| campo de control | 20250827075021.0 |
| 007 - CAMPO FIJO DE DESCRIPCIÓN FÍSICA--INFORMACIÓN GENERAL | |
| campo de control de longitud fija | t| |
| 008 - DATOS DE LONGITUD FIJA--INFORMACIÓN GENERAL | |
| campo de control de longitud fija | 040820s1911 fr ||||1| fre d |
| 245 00 - MENCIÓN DEL TÍTULO | |
| Título | Manuel de l'ingenieur / |
| Mención de responsabilidad, etc. | nouvelle edition française du Manuel de la "Societe Hütte" traduit par L. Desmarest. |
| 260 ## - PUBLICACIÓN, DISTRIBUCIÓN, ETC. | |
| Lugar de publicación, distribución, etc. | [S.l. : |
| Nombre del editor, distribuidor, etc. | s.n.], |
| Fecha de publicación, distribución, etc. | 1911 ( |
| Lugar de fabricación/manufactura | Evreux : |
| Fabricante | Ch. Herissay) |
| 300 ## - DESCRIPCIÓN FÍSICA | |
| Extensión | 2 v. ; |
| Dimensiones | 19 cm. |
| 650 07 - PUNTO DE ACCESO ADICIONAL DE MATERIA--TÉRMINO DE MATERIA | |
| Término de materia o nombre geográfico como elemento de entrada | Ingeniería |
| Fuente del encabezamiento o término | embne |
| 9 (RLIN) | 13767 |
| 700 1# - ENTRADA AGREGADA--NOMBRE PERSONAL | |
| Nombre de persona | Desmarest, L. |
| 9 (RLIN) | 43899 |
| 710 2# - ENTRADA AGREGADA--NOMBRE DE ENTIDAD CORPORATIVA | |
| Nombre de entidad corporativa o nombre de jurisdicción como elemento de entrada | Hütte Gesellschaft für Technische Informationen (Berlin) |
| 9 (RLIN) | 4628 |
| 852 ## - LOCALIZACIÓN | |
| Ubicación | ES-MaACL |
| Número de control de estantería | F-3189-90 |
| Estatus retirado | Estado de pérdida | Estado de daño | No para préstamo | Biblioteca de origen | Biblioteca actual | Ubicación en estantería | Fecha de adquisición | Fuente de adquisición | Total de préstamos | Signatura topográfica completa | Código de barras | Visto por última vez | Precio de reemplazo | Tipo de ítem Koha |
|---|---|---|---|---|---|---|---|---|---|---|---|---|---|---|
| Biblioteca del Ateneo de Madrid | Biblioteca del Ateneo de Madrid | Depósito 2 | 17/01/2008 | F-3189-90 | 1072218 | 23/02/2023 | 23/02/2023 | Libro impreso |
